000 00567nam a2200169 4500
008 161215b xxu||||| |||| 00| 0 eng d
022 _a0893-8989
082 _aDPer 363.205 P75 May-Dec 2015 v. 39
100 _918315
_aMartinelli, Ron
245 _aJust the facts/
_cRon Martinelli and Mark Jarmie.
260 _aCalifornia:
_bBobit Business Media,
_cc2015.
300 _av39 n6, pages 34-39;
_c28 cm.
500 _aPolice: the law enforcement magazine.
650 0 _918732
_aCriminal investigation
700 _918321
_aJarmie, Mark
_eAuthor
942 _2ddc
_cPER
999 _c6038
_d6038